000 00901nam a2200265 a 4500
001 000044698
003
005 20241118114155.0
007 ta
008 141218s2012 dr r 000 0 spa d
040 _aDO-SdBPM
_bspa
_cBPMSU
082 4 _a306.97293
_bV443s
_222
100 1 _a Veloz Maggilo, Marcio
_d 1936-2021
245 1 0 _aSobre cultura dominicana .... y otras culturas (ensayos ) /
_cCiriaco Landolfi Rodríguez.
250 _a2a. ed.
260 _aSanto Domingo :
_bSin Editorial,
_c2012.
300 _a305 p. ;
_c23 cm.
500 _aIncluye referencias bibliográficas y notas al pie de las páginas
500 _aIncluye datos biográficos del autor en las solapas
590 _aInventariado, 2024/VM
650 4 _aEvolución cultural
_xHistoria
_zRepública dominicana
650 4 _a Identidad cultural
910 _aVMateo V. Control de calidad. BPMSU
942 _2ddc
_cBK
999 _c14866
_d14866